| 000 | 00602nam a2200169Ia 4500 | ||
|---|---|---|---|
| 008 | 090711s9999 xx 000 0 und d | ||
| 082 | _b66761 | ||
| 100 | _aगाडगीळ अमरेंद्र | ||
| 245 | _aमोडली मांडली क्षेत्रे | ||
| 260 | _c1991 | ||
| 300 | _a192 | ||
| 600 | _aगाडगीळ अमरेंद्र | ||
| 630 | _aमोडली मांडली क्षेत्रे | ||
| 700 | _aगाडगीळ अमरेंद्र | ||
| 730 | _aमोडली मांडली क्षेत्रे | ||
| 942 | _cBOOK | ||
| 999 |
_c294623 _d294623 |
||